Click a Lincoln or Ford Quiz Stats

 Plays Quiz Updated Feb 13, 2016

Also try: Click a J. B.
Challenge
Share
Tweet
Embed
Score 0/26 Timer 06:00
17 Plays Today
% Correct
Harrison Ford
95.1%
Betty Ford
94.2%
Gerald Ford
93.6%
Abraham Lincoln
93.3%
Francis Ford Coppola
88.7%
Lincoln Tunnel
88.2%
Ford's Theatre
88%
Lincoln Logs
87.6%
The Lincoln Memorial
87.2%
The Lincoln Lawyer
80.8%
Lincoln Center
79.2%
Ford Field
79.2%
The Ford Rotunda
73.3%
% Correct
Whitey Ford
65.2%
Lincoln Financial Field
64.4%
Edsel Ford
58.1%
Tennessee Ernie Ford
55.3%
John Ford
55.3%
Eileen Ford
54.2%
Robert Ford
49.9%
Lincoln Hawk
44.9%
Glenn Ford
40%
Lincoln Chafee
39.4%
Lita Ford
37.4%
Ford Frick
36.2%
Richard Ford
34%

You're not logged in!

Compare scores with friends on all Sporcle quizzes.
Join for Free
OR
Log In

You Might Also Like...

Show Comments

Extras

Top Quizzes Today


Score Distribution

Your Account Isn't Verified!

In order to create a playlist on Sporcle, you need to verify the email address you used during registration. Go to your Sporcle Settings to finish the process.

Report this User

Report this user for behavior that violates our Community Guidelines.

Details: